000 00278nam a2200109Ia 4500
008 190913s9999||||xx |||||||||||||| ||und||
100 _aHarry Costin
245 0 _aReadings In Strategy And Strategic Planning
260 _aIndia
_bPrentice Hall
_c1996
300 _a821
942 _cBK
999 _c8305
_d8305